4 Overlapping Country Flags - Statistics

General Stats
  • This quiz has been taken 3,168 times
  • The average score is 9 of 12
Answer Stats
COUNTRY % Correct
Australia
95%
Brazil
92%
Georgia
92%
Sri Lanka
85%
Angola
77%
Cambodia
72%
East Timor
68%
Antigua and Barbuda
65%
Algeria
60%
Japan
58%
Argentina
57%
Cape Verde
56%
No matching quizzes found
Score Distribution
Percent of People with Each Score
Percentile by Number Answered
Your Score History
You have not taken this quiz